000 00673nam a2200205Ia 4500
003 OSt
005 20250304141952.0
008 210210b2000 xxu||||| |||| 00| 0 eng d
040 _cAL
041 _aKannada
082 _aK894.9 NAYS
100 _aNAYAKA (Ji Ech), Ed.
_dನಾಯಕ
_9203746
245 _aShatamanada kannada sahitya.
_bಶತಮಾನದ ಕನ್ನಡ ಸಾಹಿತ್ಯ
260 _aAnkola
_bShri Raghavendra Prakashana
_c2000
300 _aviii,392
650 _aKannada sahitya samikshe Kavya nataka SannkateKadambari Vimarshe Samshodhane Janapad
_9203747
690 _aKannada Criticism
_9203748
906 _aSG03483
942 _2ddc
_cBK
999 _c114509
_d114509